000 00317nam a22001337a 4500
008 170622b xxu||||| |||| 00| 0 eng d
020 _a9780495115366
041 _aeng
080 _a32
100 _a21
101 _aSHP
245 _aTHE PROMISE AND PERFORMANCE OF AMERICAN DEMOCRACY
_cBOND, J.R
942 _2udc
_cBK
999 _c18800
_d18800